[Event "Florianopolis op 10th"]
[Site "Florianopolis"]
[Date "2024.01.24"]
[Round "6"]
[White "Da Silva, Eduardo Batista Q"]
[Black "Tomiello, Mateus Costamilan"]
[Result "0-1"]
[WhiteElo "1905"]
[BlackElo "2151"]
[PlyCount "114"]
[EventDate "2024.01.20"]
[EventType "swiss"]
[EventRounds "10"]
[EventCountry "BRA"]
[SourceTitle "CB05_2024"]
[SourceDate "2024.01.31"]
[SourceVersion "1"]
[SourceVersionDate "2024.01.31"]
[SourceQuality "1"]

1. d4 d5 2. c4 c6 3. cxd5 cxd5 4. Bf4 Nc6 5. e3 Nf6 6. Nc3 a6 7. Bd3 g6 8. h3 Bg7 9. Nf3 0-0 10. 0-0 Bf5 11. a3 Bxd3 12. Qxd3 e6 13. b4 Nd7 14. Na4 b5 15. Nc5 Nxc5 16. bxc5 Qd7 17. Rfd1 Rfd8 18. Bh2 f6 19. Ne1 e5 20. Nc2 e4 21. Qe2 Na5 22. Rab1 Nc4 23. Rb3 Ra7 24. Rdb1 f5 25. Rc3 Rc8 26. Rcb3 Bf8 27. Rc3 a5 28. Rcb3 Rb7 29. Bf4 Be7 30. Rc3 Bf6 31. Rcb3 Kh8 32. Bg3 g5 33. Rd1 Qe8 34. Bh2 Rc6 35. Rdb1 Re6 36. Rd1 Ree7 37. g4 Rg7 38. f3 Rbe7 39. Rdb1 b4 40. axb4 a4 41. Rc3 exf3 42. Qf2 f4 43. Rxc4 dxc4 44. b5 fxe3 45. Qxf3 Rgf7 46. Qd5 e2 47. Bg3 Rd7 48. Bd6 a3 49. c6 Rxd6 50. Qxd6 Qe4 51. c7 Qxc2 52. c8Q+ Kg7 53. Qf5 Qd1+ 54. Kg2 a2 55. Rxd1 exd1Q 56. Qfe6 a1Q 57. Qxf6+ Rxf6 0-1

[Event "Florianopolis op 10th"]
[Site "Florianopolis"]
[Date "2024.01.23"]
[Round "5"]
[White "Tomiello, Mateus Costamilan"]
[Black "Oliveira, Tiago Batista"]
[Result "1/2-1/2"]
[WhiteElo "2151"]
[BlackElo "1953"]
[PlyCount "59"]
[EventDate "2024.01.20"]
[EventType "swiss"]
[EventRounds "10"]
[EventCountry "BRA"]
[SourceTitle "CB05_2024"]
[SourceDate "2024.01.31"]
[SourceVersion "1"]
[SourceVersionDate "2024.01.31"]
[SourceQuality "1"]

1. c4 c5 2. Nc3 Nc6 3. g3 Nf6 4. Bg2 e6 5. Nf3 d5 6. cxd5 Nxd5 7. 0-0 Nc7 8. d3 Be7 9. Be3 e5 10. Rc1 Ne6 11. Na4 Qa5 12. Nd2 Bd7 13. Nxc5 Nxc5 14. Bxc5 Bxc5 15. Nb3 Bxf2+ 16. Rxf2 Qb6 17. Nc5 Rd8 18. Bd5 0-0 19. Qb3 Be8 20. e4 Qxb3 21. axb3 b6 22. Nb7 Rb8 23. Rxc6 Rxb7 24. Rc3 Re7 25. Rfc2 Bb5 26. Kf2 g6 27. Ke3 Kg7 28. Rc7 Rfe8 29. g4 h6 30. d4 1/2-1/2

[Event "Florianopolis op 10th"]
[Site "Florianopolis"]
[Date "2024.01.22"]
[Round "3"]
[White "Tomiello, Mateus Costamilan"]
[Black "Cuenca Jimenez, Jose Fernando"]
[Result "0-1"]
[WhiteElo "2151"]
[BlackElo "2514"]
[PlyCount "110"]
[EventDate "2024.01.20"]
[EventType "swiss"]
[EventRounds "10"]
[EventCountry "BRA"]
[SourceTitle "CB05_2024"]
[SourceDate "2024.01.31"]
[SourceVersion "1"]
[SourceVersionDate "2024.01.31"]
[SourceQuality "1"]

1. c4 e5 2. Nc3 Nf6 3. g3 Bb4 4. Bg2 0-0 5. Nf3 Nc6 6. Nd5 Bc5 7. d3 h6 8. 0-0 d6 9. e3 a6 10. Bd2 Ba7 11. Bc3 Nxd5 12. cxd5 Ne7 13. Nd2 c6 14. dxc6 Nxc6 15. Qb3 Rb8 16. Nc4 Qc7 17. Qa3 Bc5 18. b4 Ba7 19. Rac1 Bf5 20. Ba1 Qd7 21. Rfd1 Rfd8 22. Qb2 Ne7 23. Na5 Be6 24. Rc2 Bd5 25. Rdc1 Bxg2 26. Kxg2 Qe6 27. Qb3 Qxb3 28. Nxb3 Nd5 29. a3 Bxe3 30. fxe3 Nxe3+ 31. Kf3 Nxc2 32. Rxc2 Rbc8 33. Rd2 f6 34. d4 Kf7 35. Ke4 Ke6 36. d5+ Kf7 37. Na5 Rd7 38. g4 Rc1 39. Bb2 Rf1 40. Ke3 Rf4 41. Rg2 Rc7 42. Kd3 h5 43. gxh5 Rh4 44. Ke3 Rxh5 45. Kd2 Rh4 46. Rf2 g5 47. Bc3 Rh3 48. Bb2 Kg6 49. a4 Rch7 50. Nc4 Rxh2 51. Rxh2 Rxh2+ 52. Kc3 g4 53. Bc1 g3 54. Nxd6 g2 55. Be3 Rh3 0-1

[Event "Florianopolis 6th"]
[Site "Florianopolis"]
[Date "2023.11.19"]
[Round "5"]
[White "Tomiello, Mateus Costamilan"]
[Black "Piccoli, Lucas Fonseca"]
[Result "0-1"]
[WhiteElo "2145"]
[BlackElo "2225"]
[PlyCount "96"]
[EventDate "2023.11.17"]
[EventType "tourn"]
[EventRounds "9"]
[EventCountry "BRA"]
[SourceTitle "CB49_2023"]
[SourceDate "2023.12.06"]
[SourceVersion "1"]
[SourceVersionDate "2023.12.06"]
[SourceQuality "1"]

1. c4 e6 2. g3 d5 3. Bg2 d4 4. Nf3 Nc6 5. 0-0 Bc5 6. e3 Nge7 7. d3 0-0 8. e4 e5 9. Nbd2 Ng6 10. a3 a5 11. Qc2 a4 12. b4 axb3 13. Nxb3 Be7 14. h4 Re8 15. h5 Nf8 16. Nh2 h6 17. f4 exf4 18. gxf4 Bh4 19. Rf3 Nh7 20. Bh3 f5 21. e5 Kh8 22. Bg2 Rg8 23. Rh3 Nf8 24. Nf3 Be7 25. Qf2 Ne6 26. Nh4 Bxh4 27. Rxh4 Ne7 28. Rh3 c5 29. Nd2 Ra6 30. Nf3 Rb6 31. Kh2 Rb3 32. Nh4 Nf8 33. Qc2 Qb6 34. Bf3 Rc3 35. Qd2 g5 36. hxg6 Nfxg6 37. Ng2 Kh7 38. Bd1 Bd7 39. Bb2 Bc6 40. Rg3 Bxg2 41. Rxg2 Rxd3 42. Qf2 Qc6 43. Rg1 Qe4 44. Bc1 Nh4 45. Rxg8 Rxd1 46. Re8 Qh1+ 47. Kg3 Rg1+ 48. Qxg1 Qxg1+ 0-1

[Event "Pan American-ch U20"]
[Site "Vila Santa Cecilia"]
[Date "2023.11.08"]
[Round "5.8"]
[White "Sathish, Pranav"]
[Black "Tomiello, Mateus Costamilan"]
[Result "1/2-1/2"]
[WhiteElo "2412"]
[BlackElo "2145"]
[PlyCount "87"]
[EventDate "2023.11.06"]
[EventType "swiss"]
[EventRounds "9"]
[EventCountry "BRA"]
[SourceTitle "CB46_2023"]
[SourceDate "2023.11.15"]
[SourceVersion "1"]
[SourceVersionDate "2023.11.15"]
[SourceQuality "1"]

1. Nf3 d5 2. b3 Bg4 3. Bb2 e6 4. g3 Nf6 5. Bg2 Nbd7 6. c4 c6 7. 0-0 Be7 8. d3 0-0 9. h3 Bh5 10. g4 Bg6 11. Nh4 a5 12. Nxg6 hxg6 13. a3 Qb6 14. Qc2 Rfe8 15. Nd2 d4 16. Nf3 e5 17. Bc1 Bd6 18. Ng5 Nf8 19. Bd2 c5 20. Rab1 Ne6 21. Nxe6 Rxe6 22. b4 axb4 23. axb4 cxb4 24. Qb3 e4 25. Bxb4 Qxb4 26. Qxb4 Bxb4 27. Rxb4 exd3 28. exd3 Ra3 29. Rxb7 Rxd3 30. c5 Rc3 31. c6 Ne4 32. c7 Nd6 33. Rb6 Nc8 34. Rb7 Re7 35. Rd1 d3 36. Bf1 Rexc7 37. Rxc7 Rxc7 38. Rxd3 g5 39. Rd8+ Kh7 40. Rd5 f6 41. Bd3+ g6 42. Kg2 Kg7 43. Rd8 Nb6 44. Be4 1/2-1/2

[Event "Pan American-ch U20"]
[Site "Vila Santa Cecilia"]
[Date "2023.11.08"]
[Round "4.4"]
[White "Tomiello, Mateus Costamilan"]
[Black "Flores Quillas, Diego Saul Rodrigo"]
[Result "0-1"]
[WhiteElo "2145"]
[BlackElo "2414"]
[PlyCount "106"]
[EventDate "2023.11.06"]
[EventType "swiss"]
[EventRounds "9"]
[EventCountry "BRA"]
[SourceTitle "CB46_2023"]
[SourceDate "2023.11.15"]
[SourceVersion "1"]
[SourceVersionDate "2023.11.15"]
[SourceQuality "1"]

1. c4 e5 2. Nc3 Nf6 3. Nf3 Nc6 4. g3 Bb4 5. Bg2 0-0 6. Qc2 Re8 7. 0-0 e4 8. Ng5 Bxc3 9. bxc3 Qe7 10. d3 exd3 11. exd3 d6 12. Rb1 Qe2 13. Bd2 Ne5 14. Rfe1 Qxd3 15. Qxd3 Nxd3 16. Rxe8+ Nxe8 17. Bd5 Nf6 18. Bxf7+ Kf8 19. Bd5 h6 20. Ne6+ Bxe6 21. Bxe6 b6 22. Bf5 Ne5 23. Bf4 Nxc4 24. Rd1 Re8 25. Kf1 Ne5 26. h4 h5 27. Bc2 Re7 28. Kg2 Ned7 29. Kf3 Ne5+ 30. Kg2 Neg4 31. Bg5 Re2 32. Rd2 Rxd2 33. Bxd2 Kf7 34. f3 Ne5 35. Bb3+ d5 36. Bd1 c5 37. Kf2 Ke6 38. Bg5 b5 39. Ke3 a5 40. Be2 b4 41. cxb4 axb4 42. Kd2 g6 43. Bf4 c4 44. Ke3 Nc6 45. Bh6 d4+ 46. Kd2 d3 47. Bd1 Ne5 48. Bf8 Nd5 49. f4 c3+ 50. Kc1 d2+ 51. Kb1 Nc4 52. Bb3 Na3+ 53. Ka1 c2 0-1

[Event "South America-ch 1st"]
[Site "Lima"]
[Date "2023.09.21"]
[Round "8.6"]
[White "Tomiello, Mateus Costamilan"]
[Black "Delgado Romero, Marco"]
[Result "1/2-1/2"]
[WhiteElo "2125"]
[BlackElo "2316"]
[PlyCount "177"]
[EventDate "2023.09.14"]
[EventType "swiss"]
[EventRounds "9"]
[EventCountry "PER"]
[SourceTitle "EXT 2024"]
[Source "ChessBase"]
[SourceDate "2023.10.10"]
[SourceVersion "1"]
[SourceVersionDate "2023.10.10"]
[SourceQuality "1"]

1. c4 e5 2. g3 Nf6 3. Bg2 d5 4. cxd5 Nxd5 5. Nf3 Nc6 6. 0-0 Nb6 7. b3 Bd6 8. Bb2 Qe7 9. d4 e4 10. Nfd2 f5 11. Nc4 0-0 12. f3 exf3 13. Bxf3 f4 14. Nxd6 cxd6 15. gxf4 Rxf4 16. Qc1 Qh4 17. Bxc6 Rxf1+ 18. Qxf1 bxc6 19. Qf2 Qh3 20. Nc3 Bg4 21. Qg3 Re8 22. Qxd6 Bxe2 23. Re1 Qg4+ 24. Qg3 Qxd4+ 25. Qf2 Qxf2+ 26. Kxf2 Bh5 27. Rxe8+ Bxe8 28. Ne4 Bg6 29. Nc5 Nd5 30. Bd4 Bf5 31. a3 Nb6 32. a4 Bc8 33. Ne4 Be6 34. a5 Nc8 35. b4 Bd5 36. Nc3 Bc4 37. Ke3 g5 38. Bf6 h6 39. Kd4 Bf1 40. Kc5 Bg2 41. Ne2 Kf7 42. Be5 Ke6 43. Bg7 h5 44. Nd4+ Kd7 45. Be5 h4 46. Bb8 Be4 47. Ne2 g4 48. Bf4 Ne7 49. Bb8 a6 50. Kd4 Bf3 51. Nf4 g3 52. hxg3 hxg3 53. Nh3 Bg4 54. Ng1 g2 55. Kc5 Kc8 56. Bd6 Nf5 57. Kxc6 Nxd6 58. Kxd6 Kb7 59. Kc5 Bd7 60. Kd6 Bb5 61. Nf3 Kc8 62. Ng1 Kd8 63. Nf3 Ke8 64. Ke6 Bc4+ 65. Ke5 Ke7 66. Kd4 Bb5 67. Ke5 Bc6 68. Ng1 Kd7 69. Ne2 Bb5 70. Ng1 Kc6 71. Nf3 Ba4 72. Ng1 Kd7 73. Nf3 Bd1 74. Ng1 Kc6 75. Kd4 Kb5 76. Kc3 Bg4 77. Kb3 Be6+ 78. Kc3 Kc6 79. Kd4 Kd6 80. Nf3 Bd7 81. Ng1 Ke6 82. Ke4 Bc6+ 83. Kd4 Kf5 84. Ke3 Ke5 85. Nh3 Kd5 86. Nf4+ Kc4 87. Nxg2 Kxb4 88. Nf4 Kxa5 89. Kd2 1/2-1/2

[Event "South America-ch 1st"]
[Site "Lima"]
[Date "2023.09.20"]
[Round "7"]
[White "Uchasara Apolinario, Josue Yoni"]
[Black "Tomiello, Mateus Costamilan"]
[Result "0-1"]
[WhiteElo "1173"]
[BlackElo "2125"]
[PlyCount "70"]
[EventDate "2023.09.14"]
[EventType "swiss"]
[EventRounds "9"]
[EventCountry "PER"]
[SourceTitle "EXT 2024"]
[Source "ChessBase"]
[SourceDate "2023.10.10"]
[SourceVersion "1"]
[SourceVersionDate "2023.10.10"]
[SourceQuality "1"]

1. e4 e5 2. Nf3 Nc6 3. Bc4 Bc5 4. c3 Nf6 5. d4 exd4 6. e5 d5 7. Bb5 Ne4 8. cxd4 Bb6 9. h3 0-0 10. 0-0 Ne7 11. Nc3 Bf5 12. Bd3 Bg6 13. Re1 Nxc3 14. bxc3 Rc8 15. e6 f6 16. Nh4 Bxd3 17. Qxd3 Qd6 18. a4 c5 19. a5 Bc7 20. g3 b6 21. axb6 Bxb6 22. f4 cxd4 23. cxd4 Qb4 24. Be3 Rc3 25. Rab1 Rxd3 26. Rxb4 Ba5 27. Rbb1 Bxe1 28. Rxe1 Rc8 29. Kf2 Rc6 30. f5 g5 31. fxg6 hxg6 32. Ke2 Rb3 33. Kd2 Rxe6 34. Ng2 Rb2+ 35. Kd1 Rxg2 0-1

[Event "South America-ch 1st"]
[Site "Lima"]
[Date "2023.09.19"]
[Round "6"]
[White "Tomiello, Mateus Costamilan"]
[Black "Perez Gormaz, Matias Ariel"]
[Result "1/2-1/2"]
[WhiteElo "2125"]
[BlackElo "2391"]
[PlyCount "73"]
[EventDate "2023.09.14"]
[EventType "swiss"]
[EventRounds "9"]
[EventCountry "PER"]
[SourceTitle "EXT 2024"]
[Source "ChessBase"]
[SourceDate "2023.10.10"]
[SourceVersion "1"]
[SourceVersionDate "2023.10.10"]
[SourceQuality "1"]

1. c4 e5 2. g3 Nf6 3. Bg2 d5 4. cxd5 Nxd5 5. Nc3 Nb6 6. Nf3 Nc6 7. 0-0 Be7 8. d3 0-0 9. a3 Be6 10. Be3 f6 11. Rc1 Qd7 12. Ne4 Nd4 13. Bxd4 exd4 14. Qc2 c6 15. Nc5 Bxc5 16. Qxc5 Rad8 17. Qa5 Nc8 18. b4 Rfe8 19. Rfe1 Qf7 20. Qc5 Rd5 21. Qc2 a5 22. bxa5 Na7 23. Qb2 Red8 24. a4 Qc7 25. Rb1 R8d7 26. Qb6 Rxa5 27. Qxc7 Rxc7 28. Nxd4 Ba2 29. Rb2 Rxa4 30. Ra1 Rxd4 31. Raxa2 Nb5 32. Bf1 Rd8 33. e3 Rcc8 34. d4 Nd6 35. Rc2 Ra8 36. Be2 Rxa2 37. Rxa2 1/2-1/2

[Event "South America-ch 1st"]
[Site "Lima"]
[Date "2023.09.18"]
[Round "5"]
[White "Ilasaca Gaona, Owen Hisahito"]
[Black "Tomiello, Mateus Costamilan"]
[Result "0-1"]
[WhiteElo "1566"]
[BlackElo "2125"]
[PlyCount "114"]
[EventDate "2023.09.14"]
[EventType "swiss"]
[EventRounds "9"]
[EventCountry "PER"]
[SourceTitle "EXT 2024"]
[Source "ChessBase"]
[SourceDate "2023.10.10"]
[SourceVersion "1"]
[SourceVersionDate "2023.10.10"]
[SourceQuality "1"]

1. e4 e5 2. Nf3 Nc6 3. Bb5 Nf6 4. Qe2 a6 5. Ba4 b5 6. Bb3 Bc5 7. a4 Rb8 8. axb5 axb5 9. 0-0 d6 10. Nc3 Bg4 11. Nxb5 Bxf3 12. Qxf3 Rxb5 13. Ba4 Rb6 14. b4 Bxb4 15. c3 Bc5 16. d4 Bxd4 17. cxd4 0-0 18. d5 Nd4 19. Qd3 Nd7 20. Bxd7 Qxd7 21. Be3 Rb3 22. Qd2 Rxe3 23. Qxe3 Nc2 24. Qd3 Nxa1 25. Rxa1 f5 26. exf5 Qxf5 27. Qxf5 Rxf5 28. Ra8+ Rf8 29. Ra7 Rc8 30. Kf1 Kf7 31. Ke2 Ke7 32. Ra3 Rb8 33. Rc3 Kd7 34. Rh3 Rb2+ 35. Ke1 h6 36. Rg3 g5 37. Rh3 Rb5 38. Rxh6 Rxd5 39. Rh5 c5 40. Rxg5 c4 41. Rg3 Rd4 42. Re3 Rh4 43. g3 Rxh2 44. Re4 d5 45. Rxe5 Kd6 46. Re8 Kc5 47. Ke2 d4 48. Rc8+ Kb4 49. Rb8+ Kc3 50. Rd8 d3+ 51. Ke3 Rh1 52. f4 Re1+ 53. Kf3 d2 54. g4 d1Q+ 55. Rxd1 Rxd1 56. g5 Kd4 57. g6 Rg1 0-1

[Event "South America-ch 1st"]
[Site "Lima"]
[Date "2023.09.15"]
[Round "2"]
[White "Tomiello, Mateus Costamilan"]
[Black "Cruz, Cristhian"]
[Result "1/2-1/2"]
[WhiteElo "2125"]
[BlackElo "2495"]
[PlyCount "54"]
[EventDate "2023.09.14"]
[EventType "swiss"]
[EventRounds "9"]
[EventCountry "PER"]
[SourceTitle "EXT 2024"]
[Source "ChessBase"]
[SourceDate "2023.10.10"]
[SourceVersion "1"]
[SourceVersionDate "2023.10.10"]
[SourceQuality "1"]

1. c4 e6 2. g3 d5 3. Bg2 Nf6 4. Nf3 dxc4 5. Qa4+ Bd7 6. Qxc4 c5 7. Ne5 Qc8 8. Qd3 Be7 9. 0-0 Nc6 10. Nxd7 Qxd7 11. Qxd7+ Kxd7 12. Nc3 Rac8 13. b3 Rhd8 14. Bb2 Ke8 15. d3 Nd7 16. Ne4 f5 17. Nd2 Bf6 18. Bxf6 Nxf6 19. Rfc1 b6 20. Bxc6+ Rxc6 21. b4 Ke7 22. b5 Rc7 23. Nc4 Ne8 24. a4 Nd6 25. Nxd6 Kxd6 26. a5 Rb8 27. Rc4 bxa5 1/2-1/2

[Event "Porto Alegre op"]
[Site "Porto Alegre"]
[Date "2023.08.26"]
[Round "3"]
[White "Sosa, Alexandro Brum"]
[Black "Tomiello, Mateus Costamilan"]
[Result "1/2-1/2"]
[WhiteElo "1862"]
[BlackElo "2137"]
[PlyCount "82"]
[EventDate "2023.08.25"]
[EventType "swiss"]
[EventRounds "5"]
[EventCountry "BRA"]
[SourceTitle "EXT 2024"]
[Source "ChessBase"]
[SourceDate "2023.10.10"]
[SourceVersion "1"]
[SourceVersionDate "2023.10.10"]
[SourceQuality "1"]

1. e4 c5 2. Nf3 Nc6 3. d4 cxd4 4. Nxd4 Nf6 5. Nc3 e5 6. Ndb5 d6 7. Nd5 Nxd5 8. exd5 Nb8 9. a4 Be7 10. Be2 0-0 11. 0-0 Nd7 12. Be3 a6 13. Na3 f5 14. f4 exf4 15. Bd4 Ne5 16. Rxf4 Qc7 17. c4 Bd7 18. Qb3 Rae8 19. Nc2 Kh8 20. Bb6 Qc8 21. Nd4 Bf6 22. Qc2 g5 23. Rff1 f4 24. Rad1 Ng4 25. Bxg4 Bxg4 26. Rd2 Re5 27. h3 Bd7 28. Nf3 Bf5 29. Qc1 Re4 30. c5 dxc5 31. Bxc5 Rd8 32. Bb6 Rc4 33. Qd1 Rd6 34. Bd4 Bxd4+ 35. Nxd4 Bd7 36. Ne6 Bxe6 37. dxe6 Rxd2 38. Qxd2 Qxe6 39. Qd8+ Qg8 40. Qf6+ Qg7 41. Qd8+ Qg8 1/2-1/2

[Event "Porto Alegre op"]
[Site "Porto Alegre"]
[Date "2023.08.25"]
[Round "1"]
[White "Jobim, Marcos Vinicios De"]
[Black "Tomiello, Mateus Costamilan"]
[Result "0-1"]
[WhiteElo "1483"]
[BlackElo "2137"]
[PlyCount "90"]
[EventDate "2023.08.25"]
[EventType "swiss"]
[EventRounds "5"]
[EventCountry "BRA"]
[SourceTitle "EXT 2024"]
[Source "ChessBase"]
[SourceDate "2023.10.10"]
[SourceVersion "1"]
[SourceVersionDate "2023.10.10"]
[SourceQuality "1"]

1. c4 e6 2. Nc3 d5 3. cxd5 exd5 4. d4 Nf6 5. Nf3 Be7 6. e3 0-0 7. Be2 c6 8. 0-0 Nbd7 9. a4 a5 10. Bd2 Qb6 11. Qc2 Re8 12. Rfe1 Bd6 13. Bd3 Nf8 14. h3 h6 15. e4 dxe4 16. Nxe4 Nxe4 17. Bxe4 Be6 18. Bc3 Nd7 19. Bf5 Nf8 20. Bxe6 Nxe6 21. Rad1 Rad8 22. Ne5 Qc7 23. Nc4 Bb4 24. Bxb4 axb4 25. Qb3 Qe7 26. a5 Qg5 27. Kh1 Qb5 28. Re5 Qa6 29. d5 cxd5 30. Rdxd5 Rxd5 31. Rxd5 Rc8 32. Ne3 Qe2 33. Rf5 Qe1+ 34. Kh2 Qd2 35. Nd5 Rc5 36. Ne7+ Kh7 37. Rxf7 Qd6+ 38. g3 Rc7 39. Nf5 Qc5 40. Ne3 Rxf7 41. Qxe6 Rxf2+ 42. Kg1 Rf6 43. Qe4+ Kh8 44. Qe8+ Rf8 45. Qe4 Qc1+ 0-1

[Event "Titled Tuesday intern op 30th May Late"]
[Site "Chess.com INT"]
[Date "2023.05.30"]
[Round "4"]
[White "Tomiello, Mateus Costamilan"]
[Black "Schut, Han"]
[Result "1-0"]
[WhiteElo "2097"]
[BlackElo "2101"]
[PlyCount "77"]
[EventDate "2023.05.30"]
[EventType "swiss (blitz)"]
[EventRounds "11"]
[EventCountry "USA"]
[SourceTitle "CBM 214 Extra"]
[Source "ChessBase"]
[SourceDate "2023.07.31"]
[SourceVersion "1"]
[SourceVersionDate "2023.07.31"]
[SourceQuality "1"]

1. e4 c5 2. Nf3 d6 3. d4 cxd4 4. Nxd4 Nf6 5. Nc3 a6 6. Bg5 e6 7. f4 Be7 8. Qf3 h6 9. Bh4 g5 10. fxg5 Nfd7 11. 0-0-0 Ne5 12. Qe3 hxg5 13. Bg3 Nbd7 14. Be2 Qc7 15. Rdf1 b5 16. Nf3 Bb7 17. Nxe5 Nxe5 18. Qf2 Rh7 19. Bxe5 dxe5 20. Bh5 0-0-0 21. Bxf7 b4 22. Bxe6+ Kb8 23. Nd5 Bxd5 24. Bxd5 Bc5 25. Qe2 Qb6 26. Rf5 Bd4 27. h3 Rc7 28. Rhf1 Rdc8 29. Rf8 a5 30. Rxc8+ Rxc8 31. Rf7 Rc7 32. Rf8+ Rc8 33. Rxc8+ Kxc8 34. Qg4+ Kb8 35. Qd7 Bxb2+ 36. Kxb2 Qd4+ 37. Kb3 Qc3+ 38. Ka4 Qa3+ 39. Kb5 1-0

[Event "Titled Tuesday intern op 23rd May Late"]
[Site "Chess.com INT"]
[Date "2023.05.23"]
[Round "2"]
[White "Terry, Renato"]
[Black "Tomiello, Mateus Costamilan"]
[Result "1-0"]
[WhiteElo "2520"]
[BlackElo "2097"]
[PlyCount "129"]
[EventDate "2023.05.23"]
[EventType "swiss (blitz)"]
[EventRounds "11"]
[EventCountry "USA"]
[SourceTitle "EXT 2024"]
[Source "ChessBase"]
[SourceDate "2023.10.10"]
[SourceVersion "1"]
[SourceVersionDate "2023.10.10"]
[SourceQuality "1"]

1. e4 e5 2. Nf3 Nc6 3. c3 Nf6 4. d4 d6 5. Bb5 Bd7 6. 0-0 Be7 7. Re1 0-0 8. Ba4 Re8 9. Nbd2 Bf8 10. h3 h6 11. Bb3 a5 12. a3 g6 13. Bc2 Bg7 14. Nf1 b5 15. Ng3 a4 16. Be3 Na5 17. Nd2 c6 18. Bd3 Qc7 19. Rc1 c5 20. d5 c4 21. Bc2 Nb7 22. Nf3 Nc5 23. Nh2 Rf8 24. Qf3 Nh7 25. Rcd1 Ng5 26. Qe2 Rac8 27. h4 Nh7 28. Ng4 h5 29. Nh2 Nf6 30. Bg5 Ng4 31. Nxg4 Bxg4 32. f3 Bd7 33. Rf1 Kh7 34. Kh2 Bh6 35. Qe3 Bxg5 36. hxg5 Qd8 37. f4 exf4 38. Qxf4 Qe7 39. Qf6 Qxf6 40. Rxf6 Nb7 41. e5 dxe5 42. Re1 Rce8 43. Nxh5 Kg8 44. Ng3 Kg7 45. Rb6 Rh8+ 46. Kg1 Nc5 47. Rd6 Re7 48. Be4 Rh4 49. Bf3 Rf4 50. Re3 e4 51. Be2 Kf8 52. Rb6 Kg7 53. Rb8 Nd3 54. Rb7 Nxb2 55. d6 Re6 56. Rxd7 Nd3 57. Rd8 Nc5 58. Rb8 Rxd6 59. Rxb5 Nd3 60. Rxe4 Rxe4 61. Nxe4 Re6 62. Bf3 Ne5 63. Rb8 Re7 64. Nf6 Nxf3+ 65. gxf3 1-0

[Event "Titled Tuesday intern op 23rd May Late"]
[Site "Chess.com INT"]
[Date "2023.05.23"]
[Round "1"]
[White "Tomiello, Mateus Costamilan"]
[Black "Pace, Christopher"]
[Result "1-0"]
[WhiteElo "2097"]
[BlackElo "2053"]
[PlyCount "49"]
[EventDate "2023.05.23"]
[EventType "swiss (blitz)"]
[EventRounds "11"]
[EventCountry "USA"]
[SourceTitle "EXT 2024"]
[Source "ChessBase"]
[SourceDate "2023.10.10"]
[SourceVersion "1"]
[SourceVersionDate "2023.10.10"]
[SourceQuality "1"]

1. e4 e5 2. Nf3 Nc6 3. Bb5 Nge7 4. c3 g6 5. 0-0 Bg7 6. d4 exd4 7. cxd4 d5 8. exd5 Nxd5 9. Re1+ Nde7 10. d5 a6 11. Ba4 b5 12. Bb3 Na5 13. Bg5 f6 14. Bf4 Nxb3 15. Qxb3 Kf8 16. Nc3 Bb7 17. Rad1 Nf5 18. Ne4 g5 19. Bxg5 fxg5 20. Nfxg5 Bc8 21. d6 Nh6 22. Re3 Bf5 23. Rf3 Qd7 24. Nc5 Qc6 25. Rxf5+ 1-0

[Event "Titled Tuesday intern op 16th May Early"]
[Site "Chess.com INT"]
[Date "2023.05.16"]
[Round "4"]
[White "Ivic, Velimir"]
[Black "Tomiello, Mateus Costamilan"]
[Result "1-0"]
[WhiteElo "2595"]
[BlackElo "2097"]
[PlyCount "87"]
[EventDate "2023.05.16"]
[EventType "swiss (blitz)"]
[EventRounds "11"]
[EventCountry "USA"]
[SourceTitle "CBM 214 Extra"]
[Source "ChessBase"]
[SourceDate "2023.07.31"]
[SourceVersion "1"]
[SourceVersionDate "2023.07.31"]
[SourceQuality "1"]

1. e4 e5 2. Nf3 Nc6 3. Bb5 Nf6 4. d3 Bc5 5. Nbd2 d6 6. c3 Bd7 7. 0-0 0-0 8. Re1 a6 9. Ba4 b5 10. Bc2 Ng4 11. Re2 Bxf2+ 12. Rxf2 Ne3 13. Qe2 Nxc2 14. Rb1 Be6 15. b3 b4 16. Nc4 Na3 17. Nxa3 bxa3 18. Bxa3 f5 19. Rbf1 f4 20. d4 Bf7 21. dxe5 Re8 22. exd6 cxd6 23. Nd2 g5 24. g3 d5 25. gxf4 dxe4 26. Qe3 Qd3 27. Bc5 Qxe3 28. Bxe3 g4 29. Rg2 h5 30. h3 Rad8 31. hxg4 Rd3 32. gxh5+ Kh7 33. Kf2 Rxc3 34. Rfg1 Rg8 35. Rxg8 Bxg8 36. h6 Bd5 37. f5 Rc2 38. Rg7+ Kh8 39. Kg3 Rxa2 40. Rd7 Bg8 41. Nxe4 Ne5 42. Bd4 Ra5 43. Re7 Bxb3 44. Bxe5+ 1-0

[Event "Titled Tuesday intern op 16th May Early"]
[Site "Chess.com INT"]
[Date "2023.05.16"]
[Round "3"]
[White "Tomiello, Mateus Costamilan"]
[Black "Rian, Kapriaga"]
[Result "1-0"]
[WhiteElo "2097"]
[BlackElo "2089"]
[PlyCount "111"]
[EventDate "2023.05.16"]
[EventType "swiss (blitz)"]
[EventRounds "11"]
[EventCountry "USA"]
[SourceTitle "CBM 214 Extra"]
[Source "ChessBase"]
[SourceDate "2023.07.31"]
[SourceVersion "1"]
[SourceVersionDate "2023.07.31"]
[SourceQuality "1"]

1. e4 c6 2. d4 d5 3. Nc3 dxe4 4. Nxe4 Bf5 5. Ng3 Bg6 6. Nf3 Nd7 7. h4 h6 8. h5 Bh7 9. Bd3 Bxd3 10. Qxd3 e6 11. Bd2 Ngf6 12. 0-0-0 Be7 13. Kb1 0-0 14. Ne4 c5 15. Be3 cxd4 16. Bxd4 Qc7 17. g4 Rac8 18. c3 Nxe4 19. Qxe4 Nc5 20. Qe3 Qc6 21. Rde1 Qb5 22. Ka1 Nd3 23. Re2 Rc6 24. Rd2 Nc5 25. Rg1 Ra6 26. Kb1 Qc4 27. b3 Nxb3 28. axb3 Qxb3+ 29. Rb2 Qa3 30. g5 Bxg5 31. Rxg5 hxg5 32. Qxg5 f6 33. Qg4 Qa1+ 34. Kc2 Qa4+ 35. Kd2 Qc4 36. h6 Rf7 37. hxg7 Rxg7 38. Qh5 e5 39. Qe8+ Kh7 40. Qh5+ Kg8 41. Qe8+ Kh7 42. Be3 Rd6+ 43. Ke1 Qg4 44. Ke2 e4 45. Bd4 Qxf3+ 46. Kd2 Rxd4+ 47. cxd4 Qxf2+ 48. Kc3 Qe3+ 49. Kc4 Qd3+ 50. Kd5 Rg5+ 51. Ke6 Qh3+ 52. Kxf6 Qf5+ 53. Ke7 Rg7+ 54. Kd8 Qd5+ 55. Kc8 Qc5+ 56. Kb8 1-0

[Event "Titled Tuesday intern op 16th May Early"]
[Site "Chess.com INT"]
[Date "2023.05.16"]
[Round "2"]
[White "Vila Dupla, Aurelio"]
[Black "Tomiello, Mateus Costamilan"]
[Result "1/2-1/2"]
[WhiteElo "2030"]
[BlackElo "2097"]
[PlyCount "110"]
[EventDate "2023.05.16"]
[EventType "swiss (blitz)"]
[EventRounds "11"]
[EventCountry "USA"]
[SourceTitle "CBM 214 Extra"]
[Source "ChessBase"]
[SourceDate "2023.07.31"]
[SourceVersion "1"]
[SourceVersionDate "2023.07.31"]
[SourceQuality "1"]

1. Nf3 Nf6 2. c4 g6 3. g3 Bg7 4. Bg2 0-0 5. 0-0 d5 6. cxd5 Nxd5 7. Nc3 Nb6 8. d4 Nc6 9. e3 e5 10. d5 Ne7 11. e4 Bg4 12. b3 c6 13. Ba3 cxd5 14. Nxd5 Nbxd5 15. exd5 e4 16. Re1 exf3 17. Bxe7 Qd7 18. Bxf3 Bxf3 19. Qxf3 Rfe8 20. d6 Bxa1 21. Rxa1 Rxe7 22. dxe7 Qxe7 23. Rd1 Re8 24. Kg2 b6 25. Rd2 Qa3 26. h4 h5 27. Rd7 Rf8 28. Rd2 Qb4 29. Qd5 Qa3 30. Qd4 Re8 31. Qf4 Qa5 32. Rd7 Rf8 33. Qd2 Qa3 34. Rd8 Rxd8 35. Qxd8+ Kg7 36. Qd4+ Kh7 37. Qd7 Kg7 38. Qd4+ Kg8 39. Qd8+ Qf8 40. Qxf8+ Kxf8 41. Kf3 Ke7 42. Ke4 Ke6 43. f3 f6 44. a3 g5 45. f4 g4 46. f5+ Kd6 47. Kd4 b5 48. b4 Kc6 49. Ke4 Kd6 50. Kd4 Kc6 51. Ke4 a6 52. Kd4 Kd6 53. Ke4 Kc6 54. Kd4 Kd6 55. Ke4 Kc6 1/2-1/2